000 00768nas a2200253 4500
001 BR9603800
003 BR-BrBNA
005 20231205095314.0
007 ta
008 230509b bl.|||p| |||| 00| 00por d
040 _aBR-BrBNA
_bpor
_cBiblioteca Nacional de Agricultura
041 _a(Pt)
072 _aF63; L01
100 1 _aMalerbo, D.T.S.
100 1 _aCouto, R.H.N.
245 1 _aAbelhas no algodao polinizacao em algodoeiro (Gossypium hirsutum L.)e o efeito dos pesticidas sobre abelhas
650 _aAlgodao
650 _aAbelha
650 _aPolinizacao
650 _aMel
773 0 _tRevista Brasileira de Apicultura (Brazil)
_x
_g(Sep-Oct 1990), v. 1(1) p. 24-26
_wBR9603800
909 _a202311
_bLúcia
_c55
_dLúcia Elande
942 _2AGRIS
_n0
_cANA
999 _c149953
_d149953